000 01632nam a2200337 a 4500
001 BRCA_8648
005 20190320210345.0
008 041016s1910----mx-a######---#000-0#spa-#
040 _aspa
041 _amx
050 4 _aNK4031
_b.P46
_c1910
100 1 _aPeñafiel, Antonio
_910237
245 1 0 _aCeramica mexicana y loza de talavera de Puebla epoca colonial y moderna
_cPor el Dr. Antonio Peñafiel.
260 _aMéxico
_bImprenta y Fototipia de la Secretaría de Fomento
_c1910
300 _a44 p.
_bláminas
_c36 cm
500 _aFondo antiguo
500 _aSe encuentra en Caja Fuerte
500 _aA-121
500 _aCon Ex-libris de: Franz Mayer
500 _aIncluye una nota de la tapa interior del libro: En las bodegas de esta secretaría existía la edición, aún no terminada de la obra títulada ´ceramica mexicana y loza de talavera de puebla´ escrita por el Sr. Dr. Antonio Peñafiel..´
500 _aEn portada: se imprime por acuerdo del señor general Don Porfirio Díaz, presidente de la República. Siendo secretario de fomento el señor licenciado Don Olegario Molina
500 _aUso de letras capitulares
500 _aSe localizan marcas de agua en las hojas del documento: ´José Vilaseca´
500 _aContiene 61 láminas de la cerámica mexicana y loza de talavera de Puebla
500 _aNota de encuadernación: Rústica
506 0 _aFondo reservado: para su consulta es necesario credencial de usuario y carta de motivos
650 1 4 _aCerámica
_zMéxico
_94783
650 1 4 _aDecoración, ornamento, arquitectonico
_zMéxico
_921579
902 _aLAR
942 _2lcc
_cB
999 _c8307
_d8307